00817 a2200205 4500003000500000005001700005010001600022020001500038040000900053082001700062100003000079245005400109260003900163300002600202505018900228650003700417942001200454999001900466952012600485Nust20221017115757.0 a 79024337 a0876302274 cNust00a616.8914,REI1 aReid, William H.,910041410aBasic intensive psychotherapy /cWilliam H. Reid. aNew York :bBrunner/Mazel,cc1980. axii, 131 p. ;c24 cm. aPrinciples and Goals (Page-3), The Participants (Page-17), The Therapeutic Setting (Page-31), Opening Phases of Treatment (Page-47), The Middle Phase (Page-67), Termination (Page-109). 0aIntensive psychotherapy.9100415 2ddccBK c183206d183206 00102ddc4070aMCSbMCScGENd2016-12-12o616.8914,REIpMCS21445r2016-12-08w2016-12-12yBKzAlmirah No.26, Shelf No.4